[Event "18. Open de Gros 2008"]
[Site "San Sebastián ESP"]
[Date "2008.09.27"]
[Round "9.1"]
[White "Inkiov, Ventzislav"]
[Black "Paunovic, Dragan"]
[Result "1/2-1/2"]
[WhiteElo "2446"]
[BlackElo "2539"]
[PlyCount "23"]
[EventDate "2008.09.20"]
[EventType "swiss"]
[EventRounds "9"]
[EventCountry "ESP"]
[Source "lmi"]
[SourceDate "2008.09.20"]

1. d4 d6 2. e4 Nf6 3. Nc3 e5 4. dxe5 dxe5 5. Qxd8+ Kxd8 6. Bc4 Ke8 7. Nf3 Bd6
8. Bg5 Nbd7 9. O-O-O a6 10. Bb3 h6 11. Bh4 Kf8 12. Rhe1 1/2-1/2

[Event "18. Open de Gros 2008"]
[Site "San Sebastián ESP"]
[Date "2008.09.27"]
[Round "9.2"]
[White "Simutowe, Amon"]
[Black "Meijers, Viesturs"]
[Result "0-1"]
[WhiteElo "2458"]
[BlackElo "2496"]
[PlyCount "84"]
[EventDate "2008.09.20"]
[EventType "swiss"]
[EventRounds "9"]
[EventCountry "ESP"]
[Source "lmi"]
[SourceDate "2008.09.20"]

1. e4 c5 2. Nf3 b6 3. d4 cxd4 4. Nxd4 Bb7 5. Nc3 a6 6. Be3 e6 7. Qd2 Nf6 8. f3
Nc6 9. Nxc6 Bxc6 10. g4 d6 11. O-O-O b5 12. Ne2 Rc8 13. Nd4 Bb7 14. g5 Nd7 15.
h4 Qc7 16. Kb1 Ne5 17. Qg2 Nc4 18. Bc1 d5 19. exd5 Bxd5 20. h5 Bc5 21. Rh3 Ne5
22. b3 O-O 23. Bf4 Ba3 24. Qd2 Rfd8 25. Bd3 Bd6 26. Qe2 Nxd3 27. Bxd6 Rxd6 28.
Rxd3 Bc4 29. f4 Bxd3 30. Rxd3 Qc5 31. Qd2 Rcd8 32. b4 Qc7 33. c3 a5 34. a3 axb4
35. axb4 Ra6 36. Qe2 Ra3 37. g6 hxg6 38. hxg6 fxg6 39. Qe4 Rxc3 40. Rxc3 Qxc3
41. Qxe6+ Kh7 42. Qh3+ Qxh3 0-1

[Event "18. Open de Gros 2008"]
[Site "San Sebastián ESP"]
[Date "2008.09.27"]
[Round "9.3"]
[White "Ninov, Nikolai"]
[Black "Spassov, Liuben"]
[Result "1/2-1/2"]
[WhiteElo "2515"]
[BlackElo "2428"]
[PlyCount "23"]
[EventDate "2008.09.20"]
[EventType "swiss"]
[EventRounds "9"]
[EventCountry "ESP"]
[Source "lmi"]
[SourceDate "2008.09.20"]

1. e4 c6 2. d4 d5 3. Nc3 dxe4 4. Nxe4 Bf5 5. Ng3 Bg6 6. h4 h6 7. Nf3 Nd7 8. h5
Bh7 9. Bd3 Bxd3 10. Qxd3 e6 11. Bf4 Qa5+ 12. Bd2 1/2-1/2

[Event "18. Open de Gros 2008"]
[Site "San Sebastián ESP"]
[Date "2008.09.27"]
[Round "9.4"]
[White "Martin Alvarez, Inigo"]
[Black "Rizouk, Aimen"]
[Result "0-1"]
[WhiteElo "2200"]
[BlackElo "2507"]
[PlyCount "82"]
[EventDate "2008.09.20"]
[EventType "swiss"]
[EventRounds "9"]
[EventCountry "ESP"]
[Source "lmi"]
[SourceDate "2008.09.20"]

1. e4 c5 2. Nf3 d6 3. d4 cxd4 4. Nxd4 Nf6 5. Nc3 Nc6 6. Bg5 e6 7. Qd2 a6 8.
O-O-O Bd7 9. f3 Rc8 10. Kb1 h6 11. Be3 Ne5 12. f4 Nc4 13. Bxc4 Rxc4 14. e5 dxe5
15. fxe5 Ng4 16. h3 Nxe3 17. Qxe3 Be7 18. Nxe6 fxe6 19. Qd3 Qc7 20. Qg6+ Kd8
21. Qxe6 Rxc3 22. bxc3 Re8 23. Qf7 Kc8 24. e6 Qb6+ 25. Ka1 Qxe6 26. Qxe6 Bxe6
27. Rhe1 Bf6 28. Rd3 Bd7 29. Rxe8+ Bxe8 30. Kb2 Bb5 31. Re3 Bc4 32. a4 Kd7 33.
g3 Kd6 34. h4 Bd5 35. Ka3 Kc5 36. Kb2 Kc4 37. h5 Bc6 38. g4 Bd5 39. Rd3 Be4 40.
Re3 Kd5 41. Kb3 Ke5 0-1

[Event "18. Open de Gros 2008"]
[Site "San Sebastián ESP"]
[Date "2008.09.27"]
[Round "9.5"]
[White "Argandona Riveiro, Inigo"]
[Black "Marholev, Dimitar"]
[Result "1/2-1/2"]
[WhiteElo "2375"]
[BlackElo "2366"]
[PlyCount "102"]
[EventDate "2008.09.20"]
[EventType "swiss"]
[EventRounds "9"]
[EventCountry "ESP"]
[Source "lmi"]
[SourceDate "2008.09.20"]

1. d4 Nf6 2. c4 g6 3. Nc3 Bg7 4. e4 d6 5. Nf3 O-O 6. Be3 Ng4 7. Bg5 f6 8. Bh4
e5 9. dxe5 dxe5 10. Qxd8 Rxd8 11. Nd5 Na6 12. h3 c6 13. hxg4 cxd5 14. cxd5 g5
15. Bxa6 bxa6 16. Bg3 Bxg4 17. Nd2 Rdc8 18. Nf1 Bf8 19. Ne3 Bb4+ 20. Kf1 Bd7
21. Ke2 Bb5+ 22. Kf3 Bd2 23. Ng4 Kg7 24. Rh6 Rc1 25. Rxc1 Bxc1 26. Rxf6 h5 27.
Bxe5 hxg4+ 28. Kxg4 Re8 29. Re6+ Kf7 30. Rxe8 Bxe8 31. g3 Bd7+ 32. Kh5 Bb5 33.
f3 Be2 34. Kg4 Kg6 35. Bd4 Bb5 36. Kh3 g4+ 37. fxg4 Bf1+ 38. Kh2 Bd3 39. e5 Bc4
40. d6 Bxa2 41. Kg2 Be6 42. Kf3 a5 43. Ke4 a6 44. Bc3 a4 45. Kd4 a3 46. bxa3
Bxa3 47. Bd2 Kf7 48. g5 Bb2+ 49. Bc3 Ba3 50. Bd2 Bb2+ 51. Bc3 Ba3 1/2-1/2

[Event "18. Open de Gros 2008"]
[Site "San Sebastián ESP"]
[Date "2008.09.27"]
[Round "9.6"]
[White "Espin Laborde, Jesus Maria"]
[Black "Roldan Riaga, Roberto"]
[Result "0-1"]
[WhiteElo "1811"]
[BlackElo "2028"]
[PlyCount "124"]
[EventDate "2008.09.20"]
[EventType "swiss"]
[EventRounds "9"]
[EventCountry "ESP"]
[Source "lmi"]
[SourceDate "2008.09.20"]

1. e4 e5 2. Nf3 Nc6 3. d4 exd4 4. Nxd4 Qh4 5. Nc3 Bb4 6. Qd3 Nf6 7. Nf5 Qxe4+
8. Ne3 Ne5 9. Qxe4 Nxe4 10. Bd2 Bxc3 11. Bxc3 Nxc3 12. bxc3 O-O 13. f4 Ng6 14.
g3 c6 15. c4 d6 16. Rd1 Rd8 17. Bg2 Ne7 18. Kf2 Nf5 19. Nxf5 Bxf5 20. Rd2 Be6
21. Rd4 Kf8 22. c3 Ke7 23. Re1 Kd7 24. a4 a5 25. c5 Kc7 26. cxd6+ Rxd6 27. Rxd6
Kxd6 28. Rd1+ Kc7 29. Ke3 Rd8 30. Ra1 Bf5 31. Bf1 Kb6 32. Be2 Kc5 33. g4 Be6
34. f5 Bc4 35. Bd1 Rd3+ 36. Kf2 Rxc3 37. g5 Kd4 38. Bg4 Ke5 39. g6 hxg6 40.
fxg6 f5 41. Bf3 Kf6 42. Rb1 Ba6 43. Rg1 Rc2+ 44. Kg3 Kxg6 45. h4 Kf6 46. Rd1
Rc3 47. Kf4 Rc4+ 48. Kg3 Rxa4 49. Rd6+ Ke7 50. Rg6 Kf8 51. h5 Rd4 52. h6 gxh6
53. Rxh6 Kg7 54. Re6 a4 55. Re1 a3 56. Ra1 Ra4 57. Bd1 Ra5 58. Bb3 c5 59. Ba2
Kf6 60. Rc1 c4 61. Kf4 b5 62. Rh1 b4 0-1

[Event "18. Open de Gros 2008"]
[Site "San Sebastián ESP"]
[Date "2008.09.27"]
[Round "9.7"]
[White "Olmo Vega, Diego"]
[Black "Zaballa Zarzosa, Jon"]
[Result "1-0"]
[WhiteElo "1978"]
[BlackElo "1802"]
[PlyCount "53"]
[EventDate "2008.09.20"]
[EventType "swiss"]
[EventRounds "9"]
[EventCountry "ESP"]
[Source "lmi"]
[SourceDate "2008.09.20"]

1. e4 c5 2. Nf3 d6 3. d4 cxd4 4. Nxd4 Nf6 5. Nc3 a6 6. Bc4 e6 7. Bb3 Be7 8. f4
Qc7 9. f5 e5 10. Nde2 Nbd7 11. Bg5 h6 12. Bxf6 Nxf6 13. Ng3 b5 14. Nh5 O-O 15.
Nxf6+ Bxf6 16. O-O Bb7 17. Bd5 Bxd5 18. Nxd5 Qc5+ 19. Kh1 Rfc8 20. c3 a5 21.
Nxf6+ gxf6 22. Qh5 Kg7 23. Rf3 Rh8 24. Qh4 Rag8 25. Rd1 Rd8 26. Rg3+ Kh7 27.
Qxf6 1-0

[Event "18. Open de Gros 2008"]
[Site "San Sebastián ESP"]
[Date "2008.09.27"]
[Round "9.9"]
[White "Lakunza Oyarbide, Juan Carlos"]
[Black "Burgana Lardizabal, Jose Angel"]
[Result "1-0"]
[WhiteElo "2122"]
[BlackElo "1777"]
[PlyCount "55"]
[EventDate "2008.09.20"]
[EventType "swiss"]
[EventRounds "9"]
[EventCountry "ESP"]
[Source "lmi"]
[SourceDate "2008.09.20"]

1. d4 Nf6 2. c4 e6 3. Nf3 d5 4. g3 dxc4 5. Bg2 Bb4+ 6. Bd2 a5 7. O-O Bxd2 8.
Nbxd2 b5 9. a4 c6 10. Ne5 Nd5 11. Ne4 O-O 12. Qd2 f6 13. Nf3 Nb4 14. Rfc1 Qe7
15. Nc3 Bd7 16. axb5 cxb5 17. d5 Ra6 18. Nd4 exd5 19. Nxd5 Nxd5 20. Bxd5+ Kh8
21. e4 a4 22. h4 Rb6 23. Qe3 Qd6 24. Rd1 Qb4 25. Rab1 Rd6 26. Kg2 Na6 27. h5
Nc5 28. Nc2 1-0

[Event "18. Open de Gros 2008"]
[Site "San Sebastián ESP"]
[Date "2008.09.27"]
[Round "9.10"]
[White "Darrigues, Alain"]
[Black "Zubia Aramburu, Mikel"]
[Result "1-0"]
[WhiteElo "2012"]
[BlackElo "1901"]
[PlyCount "89"]
[EventDate "2008.09.20"]
[EventType "swiss"]
[EventRounds "9"]
[EventCountry "ESP"]
[Source "lmi"]
[SourceDate "2008.09.20"]

1. d4 d5 2. c4 c6 3. Nf3 Nf6 4. Nc3 e6 5. e3 Be7 6. Bd3 Nbd7 7. O-O dxc4 8.
Bxc4 b5 9. Bd3 a6 10. Re1 c5 11. Bc2 Bb7 12. e4 cxd4 13. Nxd4 O-O 14. e5 Nd5
15. Qd3 g6 16. Nxd5 Bxd5 17. Bh6 Re8 18. Rad1 Bg5 19. Qh3 Rc8 20. Bb3 Nb6 21.
Nf3 Be7 22. Qg3 Nc4 23. Re2 Qc7 24. h4 a5 25. h5 Bf8 26. Qf4 Bxf3 27. gxf3 Bxh6
28. Qxh6 Nxe5 29. Kg2 Nc4 30. Rh1 Qd7 31. Bd1 f5 32. b3 Nb6 33. hxg6 Qg7 34.
Qxh7+ Qxh7 35. Rxh7 Nd5 36. Kg3 Nf6 37. Rb7 e5 38. Kh4 Rc1 39. Rd2 e4 40. Kg5
Rc6 41. Rxb5 e3 42. fxe3 Rxe3 43. Rxa5 Ne4+ 44. fxe4 fxe4 45. Rd8+ 1-0

[Event "18. Open de Gros 2008"]
[Site "San Sebastián ESP"]
[Date "2008.09.27"]
[Round "9.11"]
[White "Tung, Kai Ming"]
[Black "Olabe Odriozola, Eduardo"]
[Result "1-0"]
[WhiteElo "1989"]
[BlackElo "1728"]
[PlyCount "93"]
[EventDate "2008.09.20"]
[EventType "swiss"]
[EventRounds "9"]
[EventCountry "ESP"]
[Source "lmi"]
[SourceDate "2008.09.20"]

1. e4 d5 2. exd5 Nf6 3. Bb5+ Bd7 4. Be2 Nxd5 5. d4 Bf5 6. a3 e6 7. Nf3 Be7 8.
c4 Nb6 9. Nc3 O-O 10. h3 h6 11. Be3 N8d7 12. b4 Nf6 13. O-O c6 14. Bf4 a5 15.
b5 c5 16. dxc5 Bxc5 17. Qxd8 Rfxd8 18. Bc7 Rd7 19. Bxb6 Bxb6 20. Na4 Bd4 21.
Rad1 Rad8 22. Nxd4 Rxd4 23. Nb6 Ne4 24. Rxd4 Rxd4 25. Bf3 Nd2 26. Rc1 Nxf3+ 27.
gxf3 Bxh3 28. c5 e5 29. Rc3 Bd7 30. c6 bxc6 31. bxc6 Bxc6 32. Rxc6 Rd3 33. a4
Rxf3 34. Rc5 Ra3 35. Rxe5 g5 36. Rxa5 Kg7 37. Nc4 Ra1+ 38. Kg2 f6 39. Ne3 h5
40. Ra7+ Kg6 41. Ra6 g4 42. Nd5 Kg5 43. Nxf6 h4 44. Nh7+ Kh5 45. Ra5+ Kh6 46.
Nf6 h3+ 47. Kh2 1-0

[Event "18. Open de Gros 2008"]
[Site "San Sebastián ESP"]
[Date "2008.09.27"]
[Round "9.12"]
[White "Maruejols, Claude"]
[Black "Veras Sanz, Jose Antonio"]
[Result "1-0"]
[WhiteElo "2044"]
[BlackElo "1671"]
[PlyCount "93"]
[EventDate "2008.09.20"]
[EventType "swiss"]
[EventRounds "9"]
[EventCountry "ESP"]
[Source "lmi"]
[SourceDate "2008.09.20"]

1. d4 d5 2. c4 c6 3. Nc3 Nf6 4. Nf3 g6 5. Bg5 Bg7 6. Qb3 dxc4 7. Qxc4 Be6 8.
Qd3 O-O 9. e4 Na6 10. Be2 Nb4 11. Qd2 c5 12. d5 Bg4 13. O-O Nd7 14. a3 Bxf3 15.
Bxf3 Na6 16. Rad1 Ne5 17. Be2 f6 18. Be3 c4 19. f4 Nf7 20. Bxc4 Nc7 21. Ba2 Kh8
22. Ne2 Nd6 23. Qd3 Re8 24. Nd4 a6 25. h4 Qd7 26. e5 fxe5 27. fxe5 Bxe5 28. Ne6
Nxe6 29. dxe6 Qb5 30. Bd4 Bxd4+ 31. Qxd4+ Kg8 32. Rf7 Nf5 33. Qf2 Rad8 34. Rd7
Nh6 35. Qd2 Qb6+ 36. Kh1 Nf5 37. g4 Ng3+ 38. Kg2 Ne4 39. Qe2 Qc6 40. Bd5 Qb6
41. Bxe4 Qxe6 42. Rfxe7 Rxe7 43. Rxd8+ Kg7 44. Rd4 Qf6 45. Qf2 Qb6 46. Rb4 Qe6
47. Qd4+ 1-0

[Event "18. Open de Gros 2008"]
[Site "San Sebastián ESP"]
[Date "2008.09.27"]
[Round "9.13"]
[White "Bello Castano, Diego"]
[Black "Ezkerro Hernandez, Pablo"]
[Result "1-0"]
[WhiteElo "1887"]
[BlackElo "1836"]
[PlyCount "45"]
[EventDate "2008.09.20"]
[EventType "swiss"]
[EventRounds "9"]
[EventCountry "ESP"]
[Source "lmi"]
[SourceDate "2008.09.20"]

1. Nf3 e6 2. b3 d5 3. Bb2 Nf6 4. e3 c5 5. Ne5 Nbd7 6. f4 Nxe5 7. fxe5 Ne4 8.
Bb5+ Bd7 9. Bxd7+ Kxd7 10. O-O f5 11. exf6 Nxf6 12. Qf3 Be7 13. c4 Kc8 14. Nc3
Rf8 15. cxd5 exd5 16. Rac1 Qd7 17. b4 c4 18. d3 Bxb4 19. Nxd5 Nxd5 20. Rxc4+
Kd8 21. Qxf8+ Bxf8 22. Rxf8+ Ke7 23. Ba3+ 1-0

[Event "18. Open de Gros 2008"]
[Site "San Sebastián ESP"]
[Date "2008.09.27"]
[Round "9.14"]
[White "Diez Viera, Oscar"]
[Black "Gonzalez Pueyo, Patricia"]
[Result "1-0"]
[WhiteElo "1882"]
[BlackElo "1551"]
[PlyCount "95"]
[EventDate "2008.09.20"]
[EventType "swiss"]
[EventRounds "9"]
[EventCountry "ESP"]
[Source "lmi"]
[SourceDate "2008.09.20"]

1. e4 c5 2. Nf3 d6 3. d4 cxd4 4. c3 dxc3 5. Nxc3 Nc6 6. Bc4 e6 7. Bf4 e5 8. Bg3
Nf6 9. Ng5 Nd4 10. Bxf7+ Ke7 11. Bc4 Be6 12. Bxe6 Nxe6 13. Nxe6 Kxe6 14. Qb3+
Kd7 15. Qxb7+ Ke8 16. Qc6+ Nd7 17. O-O Rc8 18. Qa4 a5 19. Nd5 h5 20. f3 h4 21.
Be1 Rc5 22. Bf2 Rc8 23. Rac1 Kf7 24. Rxc8 Qxc8 25. Qxa5 h3 26. g3 Be7 27. Nxe7
Kxe7 28. Rd1 Rf8 29. Qa3 Rf6 30. Be3 Qc2 31. Rd2 Qc1+ 32. Kf2 Qh1 33. Bg5 Qg2+
34. Ke1 Qg1+ 35. Ke2 Qg2+ 36. Kd1 Qf1+ 37. Kc2 Qc4+ 38. Qc3 Qa4+ 39. Qb3 Qxb3+
40. Kxb3 Ke6 41. Bxf6 Nxf6 42. a4 Nd7 43. a5 Nc5+ 44. Kc4 Kd7 45. b4 Nb7 46. a6
d5+ 47. Rxd5+ Nd6+ 48. Rxd6+ 1-0

[Event "18. Open de Gros 2008"]
[Site "San Sebastián ESP"]
[Date "2008.09.27"]
[Round "9.15"]
[White "Baena Salado, Mikel"]
[Black "Boo Aldanondo, Alex"]
[Result "1-0"]
[WhiteElo "1627"]
[BlackElo "1683"]
[PlyCount "75"]
[EventDate "2008.09.20"]
[EventType "swiss"]
[EventRounds "9"]
[EventCountry "ESP"]
[Source "lmi"]
[SourceDate "2008.09.20"]

1. e4 e5 2. Nf3 d6 3. d4 exd4 4. Nxd4 Nf6 5. Nc3 Be7 6. Be2 Bd7 7. Be3 Nc6 8.
Qd2 a6 9. O-O O-O 10. Rad1 b5 11. Bf3 Ne5 12. Qe2 Nxf3+ 13. Nxf3 Qc8 14. h3 b4
15. Nd5 Nxd5 16. exd5 Bb5 17. Qd2 Bxf1 18. Kxf1 a5 19. c3 bxc3 20. Qxc3 Bf6 21.
Bd4 Bxd4 22. Nxd4 Re8 23. Rc1 Ra7 24. Nb5 Qa6 25. a4 Re5 26. Kg1 Rb7 27. Nxc7
Qe2 28. Qxa5 Rxb2 29. Qa8+ Re8 30. Qxe8+ Qxe8 31. Nxe8 g6 32. Nxd6 Kf8 33. Rc7
Rd2 34. Rxf7+ Kg8 35. Rc7 Rxd5 36. Nb7 Rd1+ 37. Kh2 Ra1 38. a5 1-0

[Event "18. Open de Gros 2008"]
[Site "San Sebastián ESP"]
[Date "2008.09.27"]
[Round "9.16"]
[White "Cotta Esnaola, Andoni"]
[Black "Tung, Siu Hung"]
[Result "1/2-1/2"]
[WhiteElo "1762"]
[BlackElo "1905"]
[PlyCount "141"]
[EventDate "2008.09.20"]
[EventType "swiss"]
[EventRounds "9"]
[EventCountry "ESP"]
[Source "lmi"]
[SourceDate "2008.09.20"]

1. e4 c6 2. d4 g6 3. Nf3 Bg7 4. b3 d5 5. exd5 cxd5 6. Bb5+ Nc6 7. Bb2 Nf6 8.
O-O O-O 9. Re1 Qc7 10. Bf1 Bf5 11. c3 Rfe8 12. Nbd2 Rac8 13. Rc1 Bh6 14. h3 Ne4
15. Ra1 Nb8 16. c4 Nxd2 17. Nxd2 Qf4 18. Nf3 Bg7 19. Bd3 Be6 20. c5 Nd7 21. Bc1
Qc7 22. b4 b6 23. Ba6 Rcd8 24. Rb1 bxc5 25. dxc5 Rb8 26. Be3 Bc3 27. Bd2 Bf6
28. Bd3 a5 29. a3 axb4 30. axb4 Ra8 31. Qc2 Reb8 32. Bc3 Qf4 33. Qd2 Qc7 34.
Ra1 Bxc3 35. Qxc3 Qf4 36. Rxa8 Rxa8 37. Nd4 Qf6 38. Rc1 Ra2 39. Rc2 Rxc2 40.
Bxc2 Ne5 41. Nxe6 Qxe6 42. b5 Nc4 43. Qb4 Qe5 44. Bd3 Qa1+ 45. Qb1 Qd4 46. c6
Nb6 47. c7 e5 48. Qc2 Nc8 49. Bf1 Qa7 50. Qc6 Kf8 51. Be2 Ke7 52. g4 Qb6 53.
Qxd5 Qxc7 54. Bf3 Nb6 55. Qb7 Qxb7 56. Bxb7 Kd6 57. Kg2 g5 58. Kg3 Kc5 59. Bc6
Nc4 60. Kf3 Nd6 61. Bd7 f6 62. Ke3 h6 63. f3 Nc4+ 64. Kd3 Nd6 65. Ke3 Kd5 66.
Kd3 Kc5 67. Bc6 Nc4 68. Ke4 Nd6+ 69. Kd3 Nc8 70. Ke4 Nd6+ 71. Kd3 1/2-1/2